[Event "London Classic op U1750 8th"]
[Site "London"]
[Date "2016.12.16"]
[Round "5"]
[White "Manchester, Justin"]
[Black "Ainscow, Faye"]
[Result "1-0"]
[WhiteElo "1406"]
[BlackElo "1630"]
[PlyCount "93"]
[EventDate "2016.12.12"]
[EventType "swiss"]
[EventRounds "5"]
[EventCountry "ENG"]
[SourceTitle "EXT 2019"]
[Source "ChessBase"]
[SourceDate "2018.10.10"]
[SourceVersion "1"]
[SourceVersionDate "2018.10.10"]
[SourceQuality "1"]

1. b3 e5 2. Bb2 d6 3. e3 Be6 4. Nf3 Be7 5. d4 f6 6. Be2 e4 7. Nfd2 d5 8. c4 c6 9. 0-0 Nh6 10. Nc3 0-0 11. Qc2 f5 12. a3 Nd7 13. b4 Rc8 14. Qb3 Nf6 15. a4 Qd7 16. a5 Bd6 17. a6 Bb8 18. axb7 Qxb7 19. Rfb1 Qf7 20. c5 Nhg4 21. g3 h5 22. Nf1 h4 23. f4 exf3 24. Bxf3 hxg3 25. hxg3 Ne4 26. Ne2 Nd2 27. Nxd2 Qh5 28. Nf1 Rf7 29. Nf4 Bxf4 30. exf4 g6 31. b5 Rh7 32. bxc6 Qh6 33. Bxd5 Kf8 34. Qf3 Nh2 35. Nxh2 Qxh2+ 36. Kf1 Bxd5 37. Qxd5 Re8 38. Re1 Rxe1+ 39. Rxe1 Qxb2 40. Qd8+ Kg7 41. Re7+ Kh6 42. Qf8+ Kh5 43. Rxh7+ Kg4 44. Qe7 Qxd4 45. Qe2+ Kxg3 46. Qg2+ Kxf4 47. Rh4+ 1-0

[Event "London Classic op U1750 8th"]
[Site "London"]
[Date "2016.12.15"]
[Round "4"]
[White "Illingworth, John B"]
[Black "Manchester, Justin"]
[Result "1-0"]
[WhiteElo "1708"]
[BlackElo "1406"]
[PlyCount "51"]
[EventDate "2016.12.12"]
[EventType "swiss"]
[EventRounds "5"]
[EventCountry "ENG"]
[SourceTitle "EXT 2019"]
[Source "ChessBase"]
[SourceDate "2018.10.10"]
[SourceVersion "1"]
[SourceVersionDate "2018.10.10"]
[SourceQuality "1"]

1. d4 Nf6 2. Nf3 d5 3. Bg5 Nbd7 4. Nbd2 c6 5. h3 e6 6. e3 Be7 7. Bd3 b6 8. 0-0 Bb7 9. Bf4 c5 10. c4 0-0 11. Qe2 Re8 12. cxd5 Nxd5 13. Bh2 Nf8 14. Bb5 Nd7 15. Ne5 N5f6 16. dxc5 Bxc5 17. Nb3 Nxe5 18. Bxe8 Nxe8 19. Bxe5 Qd5 20. f4 Bxe3+ 21. Kh2 Rc8 22. Rf3 Bc5 23. Rd1 Qc6 24. Nxc5 Qxc5 25. Rc3 Qe7 26. Qb5 1-0